000 00702cam a22002172 4500
001 0000005113
005 20151217151953.0
008 070606s xx 000 0 eng d
020 _a0873719980 :
_cGBP 35.95
040 _aKABU
_cKABU
050 0 _aTD193
_b.B37
245 1 0 _aBasic concepts of environmental chemistry /
_cDes W. Connell ... [et al.]
260 _aBoca Raton :
_aNew York :
_bLewis Publishers,
_cc1997.
300 _a506 p. ;
_c24 cm.
504 _aIncludes bibliographical references and index.
650 0 _aEnvironmental chemistry.
_@0000154237
700 1 _aConnell, Des W.
_@0000156214
908 _a070606
950 _@1
999 _c6855
_d6855